ESSENTIALS OF BRIDGE ENGINEERING (Record no. 21112)

MARC details
000 -LEADER
fixed length control field 00359nam a22001577a 4500
003 - CONTROL NUMBER IDENTIFIER
control field SGT
020 ## - INTERNATIONAL STANDARD BOOK NUMBER
International Standard Book Number 9788120417175
082 ## - DEWEY DECIMAL CLASSIFICATION NUMBER
Classification number 624.2,VIC
100 ## - MAIN ENTRY--PERSONAL NAME
Personal name VICTOR,D.JOHNSON
245 ## - TITLE STATEMENT
Title ESSENTIALS OF BRIDGE ENGINEERING
250 ## - EDITION STATEMENT
Edition statement 6TH
260 ## - PUBLICATION, DISTRIBUTION, ETC. (IMPRINT)
Place of publication, distribution, etc NEW DELHI
Name of publisher, distributor, etc CBS PUBLISHERS
Year of Publication 2019
300 ## - PAGE DESCRIPTION
No. of Pages 480
650 ## - SUBJECT ADDED ENTRY--TOPICAL TERM
Topical term or geographic name as entry element CIVIL ENGINEERING
942 ## - ADDED ENTRY ELEMENTS (KOHA)
Source of classification or shelving scheme Dewey Decimal Classification
Koha item type Books
Holdings
Withdrawn status Lost status Source of classification or shelving scheme Damaged status Use restrictions Not for loan Collection code Home library Current library Shelving location Date acquired Vendor Name Cost, normal purchase price SGTU Bill Number Full call number Accession No. (Barcode) Date last seen Bill Date Koha item type
    Dewey Decimal Classification   Restricted Access Not For Loan ENGINEERING SGT Engineering Library SGT Engineering Library Reference Book 28/04/2021 KIRTI PRAKASHAN 650.00 SGTU IN1949 624.2,VIC FE8154 28/04/2021 27/03/2021 Books
    Dewey Decimal Classification   Restricted Access Not For Loan ENGINEERING SGT Engineering Library SGT Engineering Library Reference Book 28/04/2021 KIRTI PRAKASHAN 650.00 SGTU IN1949 624.2,VIC FE8155 28/04/2021 27/03/2021 Books